'N' TV Shows by Cast Photo Quiz Stats

Quiz Updated Dec 30, 2017

Challenge
Share
Tweet
Score 0/20 Timer 10:00
5 Plays Today
% Correct
NCIS
91%
New Girl
88.1%
Nashville
87.2%
The Nanny
80.7%
Nurse Jackie
70.4%
NYPD Blue
66.1%
The New Adventures of Old Christine
58.9%
Night Court
57.6%
The Newsroom
51.4%
Narcos
48.6%
% Correct
NewsRadio
43%
Nash Bridges
41.6%
Numb3rs
40.9%
Nip/Tuck
39.8%
Northern Exposure
30.7%
Nikita
24.6%
Ned's Declassified School Survival Guide
21.8%
The Night Shift
16.1%
The New Normal
13.3%
The Neighbors
10.1%

You're not logged in!

Compare scores with friends on all Sporcle quizzes.
Sign Up with Email
OR
Log In

You Might Also Like...

Show Comments

Extras

Top Quizzes Today


Score Distribution

Your Account Isn't Verified!

In order to create a playlist on Sporcle, you need to verify the email address you used during registration. Go to your Sporcle Settings to finish the process.